| 000 | 00336nam a2200109Ia 4500 | ||
|---|---|---|---|
| 008 | 200302s9999 xx 000 0 und d | ||
| 100 | _aRonald A. Altoon F A I A | ||
| 245 | _aInternational Shoping Center Architecture Details, Concepts & Projects | ||
| 260 | _bInternational Coucil of Shopping Centers | ||
| 260 | _c1996 | ||
| 300 | _a191 P., | ||
| 999 |
_c2062 _d2062 |
||